000 00299nam a2200133Ia 4500
008 190216s9999||||xx |||||||||||||| ||und||
100 _aSharma
245 0 _aReal Analysis
250 _a2nd Ed.
260 _bKrishna Prakashan Media
_c2004
300 _a602
650 _aMathe Matics
942 _cBK
999 _c32557
_d32557